PLU-koder for Coop - Statistics

General Stats
  • This quiz has been taken 371 times
  • The average score is 16 of 85
Answer Stats
Vare Answer % Correct
Banan 5730
75%
Tomater 5500
74%
Smågodt 480
56%
Epler Røde 5762
56%
Epler Grønne 5766
53%
Sitroner 5714
50%
Epler Gule 5764
50%
Løk 5610
47%
Appelsiner 5712
46%
Lime 5716
45%
Klementiner 5722
43%
Pærer 5782
40%
Norske Røde Epler 5763
38%
Champingnon 5554
37%
Paprika Gul 5528
36%
Paprika Grønn 5530
35%
Norske poteter 5681
35%
Agurk 5516
33%
Paprika Orange 5529
30%
Vannmelon 5734
30%
Kålrot 5536
29%
Purre 5538
28%
Kiwi Grønn 5310
27%
Brokkoli 5512
27%
Blomkål 5508
25%
Skolebrød 1021
23%
Avokado 5292
22%
Rundstykker Fine 1017
21%
Rundstykker Grove 1018
21%
Hodekål 5572
21%
Pizzabolle 1150
18%
Wienerbrød Spandauer 1038
17%
Ostelandgang 1083
17%
Moreller 5848
17%
Vannmelon Delt 5925
16%
Pinky Donut 1274
15%
Sjokolade Donut 1276
15%
Nykål 5581
14%
Mango 5784
14%
Vanilje Donut 1275
13%
Søtpotet 5694
13%
Crodot 1019
12%
Tebriks 1025
12%
Frokostbrød 1041
12%
Berlinerbolle m/Br.bær 1173
12%
Berlinerbolle m/Krem 1174
12%
Ananas 5297
12%
Skillingsbolle 1026
11%
Ostebriks 1036
11%
Horn Store Fine 1077
11%
Honningmelon 5302
11%
Vårløk bunt. 5620
11%
Grapefrukt Rød 5725
11%
Croissant Naturell 1047
10%
Pizzatwist 1069
10%
Solbolle 1227
10%
Agurk Øko. 6516
10%
Squach 5521
9%
Wienerbrød Skåret 1012
8%
Pretzel 1071
8%
Jegerbriks 1236
8%
Import-potet 5589
8%
Smultringer 1023
7%
Croissant m/Sjokolade 1046
7%
Melon Galia 5301
7%
Plommer Gule 5755
7%
Frøbaguette 1001
6%
Bake-potet 5692
6%
Druer Grønne Kurv 5745
6%
Kålrot øko. 6536
6%
Fiber & Frø Briks 1032
5%
Donutbolle m/sjokolade 1054
5%
Wienerbrød Pecan 1166
5%
Frimerke 918
5%
Donut Sirkus 1062
4%
Muslistykke 1246
4%
Rød Hodekål 5580
4%
Blåbær stk. 5827
3%
Kransekakestenger 1220
2%
Tysk 5-korn 1237
2%
Parisienne 1263
2%
Frosne reker 1840
1%
Ferske Reker 2402
1%
Druer Farget Kurv 5110
1%
Vannmelon Mini 5232
1%
No matching quizzes found
Score Distribution
Percent of People with Each Score
Percentile by Number Answered
Your Score History
You have not taken this quiz